| 000 | 01291nam a2200253Ia 4500 | ||
|---|---|---|---|
| 999 |
_c40598 _d40598 |
||
| 001 | 7223 | ||
| 003 | GE_BSU | ||
| 005 | 20210723164119.0 | ||
| 008 | 181216s2009||||ge |||||||||||||| ||geo|| | ||
| 040 | _cGE_BSU | ||
| 041 | _ageo | ||
| 080 | _a349.2(479.22) ძ-21 | ||
| 100 |
_aძამუკაშვილი, დავით _9925 |
||
| 245 |
_aშრომის სამართალი : _b[როგორ დავიცვათ დამსაქმებლისა და დასაქმებულის უფლებები] / _cდავით ძამუკაშვილი ; რედ. რომან შენგელია. |
||
| 250 | _aმე-2გადამუშავებული გამოცემა (2009 წლის 28 თებერვლის მდგომარეობით) | ||
| 264 |
_aთბილისი : _bინოვაცია, _c2009. |
||
| 300 |
_a317 გვ. ; _c22 სმ. |
||
| 541 | _h14ლ. | ||
| 653 | _aსამართალი | ||
| 653 | _aსაქართველოს შრომის სამართალი | ||
| 653 | _aშრომის სამართალი | ||
| 700 |
_aშენგელია, რომან _eრედაქტორი _9909 |
||
| 942 |
_cBK _2udc |
||